Municipios de Valladolid en un mapa - Estadísticas

Estadísticas generales
  • Esta prueba ha sido intentada 56 veces
  • La puntuación promedio es 58 de 226
Respuestas en el mapa
Las respuestas están codificadas por una escala verde-roja en el mapa de la prueba según el % correcto abajo.
 
Estadísticas de respuestas
Respuesta % Correcto
Laguna de Duero
96%
Medina del Campo
96%
Valladolid
96%
Arroyo de la Encomienda
93%
Peñafiel
89%
Íscar
82%
Olmedo
82%
Zaratán
82%
Medina de Rioseco
79%
Simancas
79%
Tordesillas
79%
Tudela de Duero
75%
Villanubla
75%
Boecillo
71%
Cabezón de Pisuerga
64%
Mojados
64%
Wamba
64%
Cigales
61%
Cistérniga
61%
Mayorga
61%
Rueda
61%
Torrelobatón
61%
Villalón de Campos
61%
Fuensaldaña
57%
Alaejos
50%
La Seca
50%
Portillo
50%
Traspinedo
50%
Urueña
50%
Viana de Cega
50%
Matapozuelos
46%
Pedrajas de San Esteban
46%
Renedo de Esgueva
46%
Mucientes
43%
Siete Iglesias de Trabancos
43%
Tiedra
43%
Villán de Tordesillas
43%
Castronuño
39%
Corcos
39%
Geria
39%
Mota del Marqués
39%
Pozaldez
39%
Santovenia de Pisuerga
39%
Valdestillas
39%
Aldeamayor de San Martín
36%
Ataquines
36%
Campaspero
36%
Carpio
36%
Cogeces del Monte
36%
Nava del Rey
36%
Pollos
36%
Sardón de Duero
36%
Serrada
36%
Valoria la Buena
36%
Villalar de los Comuneros
36%
Villanueva de Duero
36%
Viloria
36%
Fresno el Viejo
32%
La Mudarra
32%
Pesquera de Duero
32%
Quintanilla de Arriba
32%
Aguilar de Campos
29%
Ciguñuela
29%
Cogeces de Íscar
29%
La Parrilla
29%
La Pedraja de Portillo
29%
Olivares de Duero
29%
Pozal de Gallinas
29%
Trigueros del Valle
29%
Villabrágima
29%
Villalba de los Alcores
29%
Alcazarén
25%
Castromonte
25%
Cubillas de Santa Marta
25%
Montealegre de Campos
25%
San Miguel del Arroyo
25%
San Miguel del Pino
25%
Tordehumos
25%
Valbuena de Duero
25%
Villabáñez
25%
Villafrechós
25%
Aguasal
21%
Bercero
21%
Berrueces
21%
Castronuevo de Esgueva
21%
Castroponce
21%
Cuenca de Campos
21%
Encinas de Esgueva
21%
Esguevillas de Esgueva
21%
Fombellida
21%
Fuente el Sol
21%
Melgar de Abajo
21%
Melgar de Arriba
21%
Peñaflor de Hornija
21%
Piña de Esgueva
21%
Piñel de Abajo
21%
Piñel de Arriba
21%
Quintanilla de Onésimo
21%
San Cebrián de Mazote
21%
San Martín de Valvení
21%
Torrecilla de la Abadesa
21%
Valverde de Campos
21%
Velliza
21%
Villaverde de Medina
21%
Berceruelo
18%
Bobadilla del Campo
18%
Bocigas
18%
Bocos de Duero
18%
Castrejón de Trabancos
18%
Castrodeza
18%
Ceinos de Campos
18%
Gatón de Campos
18%
Langayo
18%
Megeces
18%
Moral de la Reina
18%
Muriel
18%
Puras
18%
Rubí de Bracamonte
18%
San Pedro de Latarce
18%
San Pelayo
18%
Torrescárcela
18%
Villacarralón
18%
Villanueva de San Mancio
18%
Villasexmir
18%
Adalia
14%
Bahabón
14%
Barruelo del Valle
14%
Bolaños de Campos
14%
Camporredondo
14%
Casasola de Arión
14%
Castrillo-Tejeriego
14%
Castroverde de Cerrato
14%
Cervillego de la Cruz
14%
El Campillo
14%
Hornillos de Eresma
14%
Lomoviejo
14%
Marzales
14%
Matilla de los Caños
14%
Nueva Villa de las Torres
14%
Olmos de Esgueva
14%
Quintanilla del Molar
14%
Quintanilla de Trigueros
14%
Ramiro
14%
Roales de Campos
14%
Robladillo
14%
Roturas
14%
San Pablo de la Moraleja
14%
San Román de Hornija
14%
Santervás de Campos
14%
Tamariz de Campos
14%
Torrecilla de la Orden
14%
Valdenebro de los Valles
14%
Velascálvaro
14%
Velilla
14%
Villafuerte
14%
Villalán de Campos
14%
Villalbarba
14%
Villanueva de los Infantes
14%
Villardefrades
14%
Villavaquerín
14%
Almenara de Adaja
11%
Amusquillo
11%
Becilla de Valderaduey
11%
Brahojos de Medina
11%
Bustillo de Chaves
11%
Cabreros del Monte
11%
Canillas de Esgueva
11%
Castrillo de Duero
11%
Castromembibre
11%
Corrales de Duero
11%
Curiel de Duero
11%
Fompedraza
11%
Fuente-Olmedo
11%
Herrín de Campos
11%
La Unión de Campos
11%
Manzanillo
11%
Morales de Campos
11%
Palazuelo de Vedija
11%
Rábano
11%
Saelices de Mayorga
11%
San Llorente
11%
San Salvador
11%
Santibáñez de Valcorba
11%
San Vicente del Palacio
11%
Torrecilla de la Torre
11%
Torre de Esgueva
11%
Urones de Castroponce
11%
Vega de Ruiponce
11%
Vega de Valdetronco
11%
Ventosa de la Cuesta
11%
Villaco
11%
Villafranca de Duero
11%
Villagarcía de Campos
11%
Villanueva de los Caballeros
11%
Villarmentero de Esgueva
11%
Villavellid
11%
Aldea de San Miguel
7%
Barcial de la Loma
7%
Benafarces
7%
Cabezón de Valderaduey
7%
Canalejas de Peñafiel
7%
Castrobol
7%
Fontihoyuelo
7%
Gallegos de Hornija
7%
La Zarza
7%
Llano de Olmedo
7%
Monasterio de Vega
7%
Montemayor de Pinilla
7%
Moraleja de las Panaderas
7%
Olmos de Peñafiel
7%
Pedrosa del Rey
7%
Santa Eufemia del Arroyo
7%
Valdearcos de la Vega
7%
Valdunquillo
7%
Villafrades de Campos
7%
Villalba de la Loma
7%
Villavicencio de los Caballeros
7%
Pozuelo de la Orden
4%
Torre de Peñafiel
4%
Villacid de Campos
4%
Villagómez la Nueva
4%
Villamuriel de Campos
4%
Villanueva de la Condesa
4%
Salvador de Zarpadiel
0%
Villabruz de Campos
0%
No se encontraron pruebas coincidentes
Distribución de puntuación
Porcentaje de gente con cada puntuación
Porcentaje por número respondido
Historial de tus puntuaciones
No has intentado esta prueba.